Money and macrodynamics : (Record no. 75356)

MARC details
000 -LEADER
fixed length control field 00766nam a22002177a 4500
005 - DATE AND TIME OF LATEST TRANSACTION
control field 20130510162051.0
010 ## - LCCN (DPL NO)
LC control number ENG-107027
020 ## - INTERNATIONAL STANDARD BOOK NUMBER
International Standard Book Number 9788184050660
Terms of availability 725.00
035 ## - SYSTEM CONTROL NUMBER
System control number EN-90560
037 ## - SOURCE OF ACQUISITION
Source of stock number/acquisition DBAD/PUB
082 ## - DEWEY DECIMAL CLASSIFICATION NUMBER
Classification number 339.53
245 ## - TITLE STATEMENT
Title Money and macrodynamics :
Statement of responsibility, etc edited by Mark Lavoie, Louis- Philippe Rochon [and] Mario Seccareccia
Remainder of title Alfred Elchner and Post-Keynesian economics /
260 ## - PUBLICATION, DISTRIBUTION, ETC. (IMPRINT)
Place of publication, distribution, etc New Delhi
Name of publisher, distributor, etc Reference Press
Date of publication, distribution, etc 2011
270 ## - ADDRESS
Address 4831/24, Ansari Road, Daryaganj
City New Delhi
Postal code 110002
300 ## - PHYSICAL DESCRIPTION
Extent xiv, 197p.:
Other physical details ill.
Dimensions 22cm(Hb)
500 ## - GENERAL NOTE
General note Includes bibliographical references and index
700 ## - ADDED ENTRY--PERSONAL NAME
Personal name Lavoie,Marc
700 ## - ADDED ENTRY--PERSONAL NAME
Personal name Rochon, Louis- Philippe
700 ## - ADDED ENTRY--PERSONAL NAME
Personal name Seccareccia, Mario
942 ## - ADDED ENTRY ELEMENTS (KOHA)
Source of classification or shelving scheme Dewey Decimal Classification
Item type English Books
Classification part 339.53
Call number suffix MON
Holdings
Withdrawn status Lost status Not for loan Collection code Home library Current library Date acquired Source of acquisition Cost, normal purchase price Full call number Barcode Copy number Cost, replacement price Koha item type
    Not For Loan Non-fiction D.B.Act.Division D.B.Act.Division 09/05/2013 DBAD/PUB 725.00 339.53 MON EN-90560 1 725.00 English Books

© Delhi Public Library
Hit Counter
free hit counter